Faktory determinujúce finančnú štruktúru slovenských a českých priemyselných podnikov

Vnútorná štruktúra cudzích zdrojov financovania slovenských aj českých podnikov nie je štandardná. Dôsledkom vysokej úrovni financovania prostredníctvom krátkodobých cudzích zdrojov je potrebná zvýšená pozornosť pri likvidácii podniku a pri zabezpečení finančných prostriedkov na úhradu svojich záväz...

Celý popis

Uložené v:
Podrobná bibliografia
Hlavný autor: Kalusová, Lenka, 1987-
Médium: Kapitola
Jazyk:Slovak
Predmet:
Tagy: Pridať tag
Žiadne tagy, Buďte prvý, kto otaguje tento záznam!

MARC

LEADER 00000nla a2200000 4500
001 0240184
005 20240502073910.7
041 0 |a slo 
044 |a SK 
245 1 0 |a Faktory determinujúce finančnú štruktúru slovenských a českých priemyselných podnikov  |c Lenka Kalusová 
520 |a Vnútorná štruktúra cudzích zdrojov financovania slovenských aj českých podnikov nie je štandardná. Dôsledkom vysokej úrovni financovania prostredníctvom krátkodobých cudzích zdrojov je potrebná zvýšená pozornosť pri likvidácii podniku a pri zabezpečení finančných prostriedkov na úhradu svojich záväzkov. 
610 2 0 |a štruktúra podniku finančná 
610 2 0 |a financovanie 
610 2 0 |a podnik malý 
610 2 0 |a podnik stredný 
610 2 0 |a podnik priemyselný 
610 2 0 |a prostredie podnikateľské 
610 2 0 |a makroekonomika 
100 1 |a Kalusová, Lenka, 1987-